NCAA BASKETBALL CHAMPIONS - Statistics

General Stats
  • This quiz has been taken 76 times
    27 since last reset
  • The average score is 41 of 80
Answer Stats
YEAR Answer RUNNER-UP % Correct
2014 DUKE WISCONSIN
73%
1980 LOUISVILLE UCLA
73%
1979 MICHIGAN STATE INDIANA STATE
73%
2016 NORTH CAROLINA GONZAGA
73%
2015 VILLANOVA NORTH CAROLINA
73%
1990 DUKE KANSAS
64%
1991 DUKE MICHIGAN
64%
2009 DUKE BUTLER
64%
1984 GEORGETOWN HOUSTON
64%
1987 INDIANA SYRACUSE
64%
1988 KANSAS OKLAHOMA
64%
1986 LOUISVILLE DUKE
64%
1988 MICHIGAN SETON HALL
64%
1983 NC STATE HOUSTON
64%
1982 NORTH CAROLINA GEORGETOWN
64%
1992 NORTH CAROLINA MICHIGAN
64%
2008 NORTH CAROLINA MICHIGAN STATE
64%
1967 UCLA DAYTON
64%
1968 UCLA NORTH CAROLINA
64%
1969 UCLA PURDUE
64%
1970 UCLA JACKSONVILLE
64%
1971 UCLA VILLANOVA
64%
1972 UCLA FLORIDA STATE
64%
1973 UCLA MEMPHIS STATE
64%
1975 UCLA KENTUCKY
64%
2010 UCONN BUTLER
64%
1989 UNLV DUKE
64%
1985 VILLANOVA GEORGETOWN
64%
2017 VILLANOVA MICHIGAN
64%
1993 ARKANSAS DUKE
55%
1961 CINCINNATI OHIO STATE
55%
1962 CINCINNATI OHIO STATE
55%
2005 FLORIDA UCLA
55%
2007 FLORIDA OHIO STATE
55%
1976 INDIANA MICHIGAN
55%
1981 INDIANA NORTH CAROLINA
55%
2007 KANSAS MEMPHIS
55%
1978 KENTUCKY DUKE
55%
1995 KENTUCKY SYRACUSE
55%
1997 KENTUCKY UTAH
55%
2012 LOUISVILLE MICHIGAN
55%
1977 MARQUETTE NORTH CAROLINA
55%
2001 MARYLAND INDIANA
55%
2002 SYRACUSE KANSAS
55%
1994 UCLA ARKANSAS
55%
2013 UCONN KENTUCKY
55%
1996 ARIZONA KENTUCKY
45%
2000 DUKE ARIZONA
45%
1948 KENTUCKY BAYLOR
45%
1951 KENTUCKY KANSAS STATE
45%
2011 KENTUCKY KANSAS
45%
1974 NC STATE MARQUETTE
45%
2004 NORTH CAROLINA ILLINOIS
45%
1945 OKLAHOMA A&M NYU
45%
1946 OKLAHOMA A&M NORTH CAROLINA
45%
1939 OREGON OHIO STATE
45%
1942 STANFORD DARTMOUTH
45%
1966 TEXAS WESTERN KENTUCKY
45%
1964 UCLA DUKE
45%
1965 UCLA MICHIGAN
45%
1998 UCONN DUKE
45%
1943 WYOMING GEORGETOWN
45%
1947 HOLY CROSS OKLAHOMA
36%
1952 KANSAS ST JOHN'S
36%
1949 KENTUCKY OKLAHOMA A&M
36%
1955 SAN FRANCISCO LA SALLE
36%
1956 SAN FRANCISCO IOWA
36%
2003 UCONN GEORGIA TECH
36%
1944 UTAH DARTMOUTH
36%
1941 WISCONSIN WASHINGTON STATE
36%
1959 CALIFORNIA WEST VIRGINIA
27%
1950 CCNY BRADLEY
27%
1940 INDIANA KANSAS
27%
1953 INDIANA KANSAS
27%
1958 KENTUCKY SEATTLE
27%
1954 LA SALLE BRADLEY
27%
1963 LOYOLA CINCINNATI
27%
1999 MICHIGAN STATE FLORIDA
27%
1957 NORTH CAROLINA KANSAS
27%
1960 OHIO STATE CALIFORNIA
27%
No matching quizzes found
Score Distribution
Percent of People with Each Score
Percentile by Number Answered
Your Score History
You have not taken this quiz since the last reset